Città in lingua originale #1 - Statistics

Statistiche generali
  • Questo quiz è stato fatto 40 volte
  • Il punteggio medio è 11 su 16
Statistiche sulle risposte
Originale Risposta % Corretto
Warszawa Varsavia
100%
Paris Parigi
97%
Philadelphia Filadelfia
94%
Lisboa Lisbona
94%
London Londra
94%
São Paulo San Paolo
94%
Quito Quito
91%
Hà Nội Hanoi
89%
Helsingfors Helsinki
74%
서울 Seul
54%
上海 Shanghai
51%
กรุงเทพมหานคร Bangkok
40%
香港 Hongkong
29%
大阪 Osaka
29%
Москва Mosca
26%
Xamar Mogadiscio
9%
Nessun quiz corrispondente trovato
Distribuzione punteggi
Percentuale di utenti per punteggio
Percentile per numero di risposta
I tuoi punteggi nel tempo
Non hai fatto questo quiz